000 00362nam a2200133Ia 4500
008 151001s9999||||xx |||||||||||||| ||und||
100 _aSunita Jain
245 _aCollected Pomes-1965-2000
250 _a1
260 _bRediance
260 _c2007
300 _a158
365 _b21
999 _c989895
_d989892